Domáci verzus odchodový cestovný ruch na Slovensku

Saved in:
Bibliographic Details
Main Author: Maráková, Vanda
Other Authors: Robochová, Miroslava
Format: Book Chapter
Language:Slovak
Tags: Add Tag
No Tags, Be the first to tag this record!

MARC

LEADER 00000nla$a2200000$$$4500
001 0117192
005 20220411122009.2
041 0 |a slo 
044 |a SK 
245 1 0 |a Domáci verzus odchodový cestovný ruch na Slovensku  |c Vanda Maráková, Miroslava Robochová 
100 1 |a Maráková, Vanda 
700 1 |a Robochová, Miroslava